01124nam a22002655i 4500001000700000003000900007005001700016008004100033080001100074080001100085100003700096245020100133260003200334300002200366490005300388650003200441650003800473700004900511700003900560710001800599830005800617852004200675999001900717952012200736175202ES-MaACL20250822040308.0101014s1969 sp |||| | spa d a616.89 a340.631 aWeitbrecht, Hans Jörg.911642110aManual de psiquiatría / cHans Jörg Weitbrecht ; prólogo y capítulo sobre "Psiquiatría forense" por J.J. López Ibor ; versión española de Rafael Echevarría ; traducciones Diorki. aMadrid : bGredos, c[1969] a746 p. ; c24 cm.1 aBiblioteca de psicología y psicoterapia ; v16 7aPsiquiatría2embne91658617aPsiquiatría legal2embne9165961 aLópez Ibor, Juan José,d1906-19919737031 aEchevarría Ramos, Rafael.9465632 aDiorki.9339210aBiblioteca de psicología y psicoterapiav1691895534 aES-MaACLjE-13371 xOlim P-527-Ter c175202d175202 00104070aATENEOMbATENEOMcDEPO2d2010-10-14eSCl0oE-13371p1183964r2023-02-23 00:00:00w2023-02-23yMONOGRAFIA